00668nam a2200241 a 4500001001300000003000900013005001700022008004100039020001100080082001800091100002600109245001100135260004200146300000700188500003500195505001000230650001600240700002600256902000800282942000700290952011400297999001500411nice12345678IN_TiNIC20260116011931.0050524s0000 alia grp 000 0 urd  ac0.7500a891.4391bTAB aTaban, Ghulam Rabbani aTabaan aAligarhbAnjuman Taraqqi-E-Urduc0000 a64 aincludes index and biblioraphy2 aNotes aUrdu-Poetry1 aTaban, Ghulam Rabbani bSRS cBK 001040708StackRoom-aHMIbHMId2007-06-25g0.75l0o891.4391 TABp09625r2007-06-25v0.75w2005-05-24yBK c4956d4956